000 00280nam a22001337a 4500
008 170213b xxu||||| |||| 00| 0 eng d
020 _a9780078913280
041 _aeng
080 _a61
100 _a4
101 _aSHM
245 _aGLENCOE HEALTH
_cBRONSON .H
942 _2udc
_cBK
999 _c5233
_d5233